Normal view
MARC view
Entry Término temático
001 - NÚMERO DE CONTROL
- campo de control: 28935
003 - IDENTIFICADOR DEL NÚMERO DE CONTROL
- campo de control: FranzMayer
005 - FECHA Y HORA DE LA ÚLTIMA TRANSACCIÓN
- campo de control: 20230724105132.0
008 - DATOS DE LONGITUD FIJA
- campo de control de longitud fija: 230724|| aca||aabn | a|a d
040 ## - FUENTE DE LA CATALOGACIÓN
- Centro catalogador/agencia de origen: FranzMayer
- Centro/agencia transcriptor: FranzMayer
150 ## - ENCABEZAMIENTO--TÉRMINO DE MATERIA
- Término de materia o nombre geográfico como elemento de entrada: Estudios de la literatura
- Subdivisión de forma: Historia de la literatura española
670 ## - FUENTE DE DATOS ENCONTRADOS
- Cita de la fuente: Work cat.: (FranzMayer)10907: autor Lampillas D. Saverio 28933, Saggio storico-apologetico della letteratura spagnuola. Contro le pregiudicate opinioni di alcuni moderni Scrittori Italiani, 1781